| 000 | 00758nam a22001937a 4500 | ||
|---|---|---|---|
| 999 |
_c18688 _d18688 |
||
| 008 | 240118b ||||| |||| 00| 0 eng d | ||
| 020 | _a9781492591023 | ||
| 082 |
_22024 _aDC 613.0712 _bM134 |
||
| 100 |
_aMcConnell, Karen E. _950718 |
||
| 245 |
_aLive well : _bcomprehensive high school health / _cKaren R. McConnell, Terri D. Farrar, and Charles B. Carbin. |
||
| 260 |
_aUnited states of America : _bHuman Kinetics Inc., _c©2024. |
||
| 300 |
_axx, 716 pages : _bcolor illustartions ; _c29 cm. |
||
| 500 | _aIncludes glossary, credits, and index. | ||
| 650 |
_aHealth education (Secondary). _98535 |
||
| 650 |
_aHealth _xTextbooks. _950730 |
||
| 700 |
_aFarrar, Terri D. _eauthor. _950719 |
||
| 700 |
_aCorbin, Charles B. _eauthor. _931186 |
||
| 942 |
_2ddc _cDC |
||